|
|
|
|
| LEADER |
00674nam a2200193Ia 4500 |
| 001 |
CTU_104527 |
| 008 |
210402s9999 xx 000 0 und d |
| 020 |
|
|
|c 3.95
|
| 082 |
|
|
|a 004.03
|
| 082 |
|
|
|b C454
|
| 100 |
|
|
|a Chandor, Anthony
|
| 245 |
|
4 |
|a The Penguin dictionary of computers
|
| 245 |
|
0 |
|c Anthony Chandor, John Graham, Robin Williamson
|
| 260 |
|
|
|a Harmondsworth
|
| 260 |
|
|
|b Penguin Books
|
| 260 |
|
|
|c 1977
|
| 650 |
|
|
|a Eelectronic data processing,Electronic digital computers,Xử lý dữ liệu điển tử,Kỹ thuật số máy tính điện tử
|
| 904 |
|
|
|i Hiếu
|
| 980 |
|
|
|a Trung tâm Học liệu Trường Đại học Cần Thơ
|